Kābya-saṃkalana. (Record no. 82725)

MARC details
000 -LEADER
fixed length control field 00601cam a22002411 4500
001 - CONTROL NUMBER
control field sa 68009114
003 - CONTROL NUMBER IDENTIFIER
control field DLC
005 - DATE AND TIME OF LATEST TRANSACTION
control field 20260227112540.0
008 - FIXED-LENGTH DATA ELEMENTS--GENERAL INFORMATION
fixed length control field 940407s1967 ii 000 0 beno
010 ## - LIBRARY OF CONGRESS CONTROL NUMBER
LC control number sa 68009114
025 ## - OVERSEAS ACQUISITION NUMBER
Overseas acquisition number PL480:EP-B-1738
035 ## - SYSTEM CONTROL NUMBER
System control number (OCoLC)30103055
040 ## - CATALOGING SOURCE
Original cataloging agency DLC
Transcribing agency CU
Modifying agency CU
-- DLC
042 ## - AUTHENTICATION CODE
Authentication code premarc
050 00 - LIBRARY OF CONGRESS CALL NUMBER
Classification number PK1718.M9
Item number A17
100 1# - MAIN ENTRY--PERSONAL NAME
Personal name Mostaphā, Golāma,
Dates associated with a name 1897-1964.
245 10 - TITLE STATEMENT
Title Kābya-saṃkalana.
260 ## - PUBLICATION, DISTRIBUTION, ETC.
Date of publication, distribution, etc. [1967]
300 ## - PHYSICAL DESCRIPTION
Extent 11, 103 p.
Dimensions 22 cm.
500 ## - GENERAL NOTE
General note In Bengali.
700 1# - ADDED ENTRY--PERSONAL NAME
Personal name Ashraf, Syed Ali.
700 0# - ADDED ENTRY--PERSONAL NAME
Personal name Firoza Khatun,
Dates associated with a name 1924-

No items available.

Powered by Koha